Normal view
MARC view
- Volz, Carl
Entry Personal Name
001 - CONTROL NUMBER
- control field: 41428
003 - CONTROL NUMBER IDENTIFIER
- control field: NUST
005 - DATE AND TIME OF LATEST TRANSACTION
- control field: 20210314132041.0
008 - FIXED-LENGTH DATA ELEMENTS
- fixed length control field: 210314|| aca||aabn | a|a d
040 ## - CATALOGING SOURCE
- Original cataloging agency: NUST
- Transcribing agency: NUST
100 ## - HEADING--PERSONAL NAME
- Personal name: Volz, Carl
670 ## - SOURCE DATA FOUND
- Source citation: Work cat.: (NUST): Armington, Ralph Elmer. [from old catalog] 41427, An introduction to electric circuit analysis, 1961.
